Rugby League top try scorers-Nations - Statistics

General Stats
  • This quiz has been taken 14 times
  • The average score is 2 of 10
Answer Stats
Hint Answer % Correct
England Hall
64%
Australia Lockyer
64%
New Zealand Vatuvei
36%
Great Britain Sullivan
27%
Tonga Tupou
18%
France Contrastin
9%
Wales Williams
9%
Samoa Lafai
0%
PNG Mead
0%
Fiji Uate
0%
No matching quizzes found
Score Distribution
Percent of People with Each Score
Percentile by Number Answered
Your Score History
You have not taken this quiz